[Event "Mistrzostwa Polski Niewidomych"]
[Site "Jastrzebia Gora"]
[Date "2011.??.??"]
[Round "5.2"]
[White "Pawelec, Bartosz"]
[Black "Mackowiak, Marek"]
[Result "0-1"]
[WhiteElo "2045"]
[BlackElo "2215"]
[PlyCount "52"]
[EventDate "2011.??.??"]

1. e4 g6 2. d4 Bg7 3. c3 d6 4. f4 Nd7 5. Nf3 e5 6. Bc4 Qe7 7. O-O Nb6 8. fxe5
Nxc4 9. Qa4+ c6 10. Qxc4 dxe5 11. b3 exd4 12. Nxd4 Bd7 13. Ba3 Be6 14. Qa4 Qd7
15. Qb4 b6 16. Nxe6 Qxe6 17. Nd2 Nf6 18. e5 Nd5 19. Qh4 Nxc3 20. Nc4 Nb5 21.
Bd6 Rd8 22. a4 Nxd6 23. exd6 O-O 24. Rae1 Qd5 25. Re7 b5 26. Rexf7 Qd4+ 0-1

[Event "Mistrzostwa Polski Niewidomych"]
[Site "Jastrzebia Gora"]
[Date "2011.??.??"]
[Round "5.3"]
[White "Zoltek, Tadeusz"]
[Black "Falkowski, Dawid"]
[Result "1/2-1/2"]
[WhiteElo "2147"]
[BlackElo "2069"]
[PlyCount "62"]
[EventDate "2011.??.??"]

1. Nf3 Nf6 2. c4 c6 3. Nc3 d5 4. e3 e6 5. d4 Nbd7 6. Bd3 dxc4 7. Bxc4 Be7 8.
O-O O-O 9. e4 b5 10. Bd3 a6 11. e5 Nd5 12. Ne4 c5 13. dxc5 Qc7 14. Bg5 Bxc5 15.
Rc1 Qb6 16. Nxc5 Nxc5 17. Bxh7+ Kxh7 18. Qc2+ Kg8 19. Qxc5 Bb7 20. Rfd1 Rac8
21. Qxb6 Nxb6 22. Nd4 Nc4 23. b3 Nxe5 24. Be3 Rfd8 25. h3 Rxc1 26. Rxc1 Rc8 27.
Rxc8+ Bxc8 28. Kf1 Bb7 29. f3 Kf8 30. Ke2 Nc6 31. Nc2 f6 1/2-1/2

[Event "Mistrzostwa Polski Niewidomych"]
[Site "Jastrzebia Gora"]
[Date "2011.??.??"]
[Round "5.4"]
[White "Gunajew, Rafal"]
[Black "Dukaczewski, Piotr"]
[Result "0-1"]
[WhiteElo "2272"]
[BlackElo "2295"]
[PlyCount "80"]
[EventDate "2011.??.??"]

1. e4 c5 2. Nf3 Nc6 3. d4 cxd4 4. Nxd4 Nf6 5. Nc3 d6 6. Bg5 e6 7. Qd2 a6 8.
O-O-O h6 9. Bh4 Nxe4 10. Bxd8 Nxd2 11. Nxc6 bxc6 12. Bc7 Nxf1 13. Bxd6 Nxh2 14.
Rxh2 Bxd6 15. Rxd6 Bb7 16. Ne4 Ke7 17. Rd3 Rhd8 18. Rb3 Ra7 19. Nc5 Bc8 20. Rh4
Rd5 21. Rc4 e5 22. Rb6 Bd7 23. b3 h5 24. Nxd7 Raxd7 25. Rbxc6 Rd2 26. f4 Rxg2
27. fxe5 Re2 28. Rxa6 Rxe5 29. a4 g5 30. Rh6 g4 31. Rh7 Rg5 32. Re4+ Kf6 33.
Rh6+ Kg7 34. Rxh5 Rxh5 35. Rxg4+ Kf6 36. b4 Ke5 37. b5 f5 38. Rb4 Rd4 39. c4
Rh2 40. b6 Rg4 0-1

[Event "Mistrzostwa Polski Niewidomych"]
[Site "Jastrzebia Gora"]
[Date "2011.??.??"]
[Round "5.5"]
[White "Zarow, Zdzislaw"]
[Black "Stachanczyk, Jacek"]
[Result "1/2-1/2"]
[WhiteElo "1959"]
[BlackElo "2303"]
[PlyCount "148"]
[EventDate "2011.??.??"]

1. e4 c5 2. f4 Nf6 3. e5 Nd5 4. Qf3 e6 5. Nc3 Nb4 6. Qd1 d6 7. a3 N4c6 8. Nf3
Nd7 9. Bb5 Qc7 10. O-O Nd4 11. d3 a6 12. Bxd7+ Bxd7 13. Ng5 h6 14. exd6 Bxd6
15. Nge4 Be7 16. Ne2 Nxe2+ 17. Qxe2 O-O 18. Be3 Rac8 19. c3 Rfd8 20. Rad1 Bc6
21. Ng3 g6 22. Qg4 Bf8 23. h4 Be8 24. h5 f5 25. Qe2 Qg7 26. Bf2 Bd7 27. hxg6
Qxg6 28. Rfe1 Bd6 29. Qe3 Qg4 30. Ne2 Kf7 31. Qg3 Rg8 32. d4 Qxg3 33. Bxg3 Ba4
34. Rd3 Bb5 35. Re3 Be7 36. Bf2 Rg4 37. d5 exd5 38. Ng3 Bf8 39. Nxf5 Rxf4 40.
Ne7 Rd8 41. Bg3 Re4 42. Nxd5 Rxe3 43. Nxe3 Rd2 44. c4 Bc6 45. Rf1+ Ke8 46. Rf2
Rd3 47. Bf4 h5 48. Nf5 Bd7 49. Re2+ Kf7 50. Ne3 Be6 51. Rf2 Ke8 52. Bg5 Bd6 53.
Re2 Kd7 54. Kf2 Rd4 55. g3 Bxc4 56. Nxc4 Rxc4 57. Rd2 Kc6 58. Kf3 Rg4 59. Bf4
Bc7 60. Bxc7 Kxc7 61. Rd5 Rc4 62. Rxh5 Rc2 63. g4 Rxb2 64. g5 Kd6 65. g6 Ke7
66. Rf5 Rb6 67. Rxc5 Kf6 68. Ke4 Kxg6 69. Kd5 Kf5 70. a4 Rb1 71. a5 Rd1+ 72.
Kc4+ Ke4 73. Rh5 Rc1+ 74. Kb4 Rb1+ 1/2-1/2

[Event "Mistrzostwa Polski Niewidomych"]
[Site "Jastrzebia Gora"]
[Date "2011.??.??"]
[Round "5.6"]
[White "Wolanski, Michal"]
[Black "Gosek, Zenon"]
[Result "0-1"]
[WhiteElo "1962"]
[BlackElo "2060"]
[PlyCount "112"]
[EventDate "2011.??.??"]

1. d4 Nf6 2. c4 e6 3. g3 c5 4. Bg2 cxd4 5. Qxd4 Nc6 6. Qd1 Bb4+ 7. Bd2 d5 8.
Bxb4 Nxb4 9. Nc3 d4 10. Nb5 e5 11. Nxd4 Qa5 12. Nb3 Qc7 13. a3 Nc6 14. Nf3 O-O
15. O-O Be6 16. Qc2 h6 17. Nc5 Bg4 18. e3 Rac8 19. b4 a5 20. Nxb7 axb4 21. axb4
Nxb4 22. Qa4 e4 23. Nd2 Qxb7 24. Rab1 Rb8 25. Rb2 Qd7 26. Qxd7 Bxd7 27. Nxe4
Nxe4 28. Bxe4 Na6 29. Ra2 Nc5 30. Bd5 Be6 31. Rc1 Rfd8 32. e4 Rbc8 33. f3 Nd3
34. Rc3 Bxd5 35. exd5 Rxd5 36. cxd5 Rxc3 37. Ra8+ Kh7 38. d6 Ne5 39. f4 Nd7 40.
Ra7 Nf6 41. Rc7 Rd3 42. Rxf7 Rxd6 43. Ra7 Rd2 44. Ra3 Ng4 45. h4 Re2 46. Rb3
Re3 47. Rxe3 Nxe3 48. Kf2 Ng4+ 49. Kf3 h5 50. f5 g6 51. Kf4 Kh6 52. fxg6 Kxg6
53. Ke4 Kf6 54. Kf4 Ne5 55. Ke4 Ng6 56. Kf3 Kf5 0-1

[Event "Mistrzostwa Polski Niewidomych"]
[Site "Jastrzebia Gora"]
[Date "2011.??.??"]
[Round "6.1"]
[White "Chojnowski, Marcin"]
[Black "Gosek, Zenon"]
[Result "1-0"]
[WhiteElo "2147"]
[BlackElo "2060"]
[PlyCount "117"]
[EventDate "2011.??.??"]

1. e4 c5 2. Nf3 d6 3. d4 cxd4 4. Nxd4 Nf6 5. Nc3 a6 6. Be3 e5 7. Nb3 Be7 8. Qd2
Ng4 9. g3 Nxe3 10. Qxe3 Be6 11. O-O-O Nc6 12. Kb1 b5 13. f4 b4 14. Nd5 Bxd5 15.
exd5 exf4 16. gxf4 Na5 17. Nxa5 Qxa5 18. Re1 Qc7 19. Rg1 Kf8 20. f5 Bf6 21. Rg4
Qc5 22. Qxc5 dxc5 23. Rge4 g6 24. fxg6 hxg6 25. d6 Rd8 26. Rd1 Rxh2 27. Bxa6
Bd4 28. c3 bxc3 29. bxc3 Rb8+ 30. Kc1 Bxc3 31. Be2 Bb2+ 32. Kc2 Bd4 33. Rb1 Rd8
34. Rb6 f6 35. a4 Be5 36. a5 Bxd6 37. a6 Rh7 38. Ra4 Ra7 39. Bf3 Be5 40. Bb7
Rd6 41. Rxd6 Bxd6 42. Kd3 f5 43. Kc4 Ke7 44. Kd5 g5 45. Ra1 g4 46. Re1+ Kd7 47.
Re6 Bb8 48. Rf6 f4 49. Rf7+ Kd8 50. Ke6 g3 51. Rf8+ Kc7 52. Rc8+ Kb6 53. Rxb8
Rxa6 54. Kd6 Ka5+ 55. Kxc5 Ra7 56. Bc6 Ra6 57. Bb5 g2 58. Rg8 f3 59. Rg4 1-0

[Event "Mistrzostwa Polski Niewidomych"]
[Site "Jastrzebia Gora"]
[Date "2011.??.??"]
[Round "6.2"]
[White "Stachanczyk, Jacek"]
[Black "Wolanski, Michal"]
[Result "1-0"]
[WhiteElo "2303"]
[BlackElo "1962"]
[PlyCount "45"]
[EventDate "2011.??.??"]

1. e4 c5 2. Nf3 d6 3. d4 cxd4 4. Nxd4 Nf6 5. Nc3 g6 6. Be3 Bg7 7. f3 O-O 8. Qd2
Nc6 9. O-O-O Bd7 10. g4 Qa5 11. h4 Rfc8 12. h5 Nb4 13. Kb1 Nxe4 14. fxe4 Bxg4
15. Re1 Bxd4 16. Bxd4 Rxc3 17. Qxc3 Qxa2+ 18. Kc1 Qa4 19. hxg6 fxg6 20. Bc4+ e6
21. Qb3 Qxb3 22. Bxb3 Rc8 23. Reg1 1-0

[Event "Mistrzostwa Polski Niewidomych"]
[Site "Jastrzebia Gora"]
[Date "2011.??.??"]
[Round "6.3"]
[White "Dukaczewski, Piotr"]
[Black "Zarow, Zdzislaw"]
[Result "0-1"]
[WhiteElo "2295"]
[BlackElo "1959"]
[PlyCount "66"]
[EventDate "2011.??.??"]

1. e4 e5 2. Nf3 Nf6 3. Nxe5 d6 4. Nf3 Nxe4 5. Nc3 Nxc3 6. dxc3 Be7 7. Bf4 Nc6
8. Qd2 Bf6 9. O-O-O Be6 10. h4 h6 11. Kb1 a6 12. Nd4 Nxd4 13. cxd4 c6 14. Qb4
O-O 15. Bxd6 Re8 16. Bg3 b5 17. Qd2 Qd5 18. b3 Red8 19. Qf4 c5 20. Be2 Rac8 21.
Bf3 Qd7 22. dxc5 Qe7 23. Rd6 Rxc5 24. Rhd1 Rdc8 25. Be4 Be5 26. Qe3 Rc3 27. Qa7
Bxd6 28. Qxa6 Bxg3 29. fxg3 Bxb3 30. Bf5 Bxc2+ 31. Bxc2 Qb4+ 32. Bb3 Rxb3+ 33.
axb3 Qxb3+ 0-1

[Event "Mistrzostwa Polski Niewidomych"]
[Site "Jastrzebia Gora"]
[Date "2011.??.??"]
[Round "6.4"]
[White "Falkowski, Dawid"]
[Black "Gunajew, Rafal"]
[Result "1-0"]
[WhiteElo "2069"]
[BlackElo "2272"]
[PlyCount "25"]
[EventDate "2011.??.??"]

1. e4 c5 2. Nc3 d6 3. f4 Nc6 4. Bc4 a6 5. a4 g6 6. Nf3 Bg7 7. O-O e6 8. d3 Nge7
9. Qe1 O-O 10. f5 exf5 11. Qh4 b5 12. axb5 axb5 13. Bxf7+ 1-0

[Event "Mistrzostwa Polski Niewidomych"]
[Site "Jastrzebia Gora"]
[Date "2011.??.??"]
[Round "6.5"]
[White "Mackowiak, Marek"]
[Black "Zoltek, Tadeusz"]
[Result "1/2-1/2"]
[WhiteElo "2215"]
[BlackElo "2147"]
[PlyCount "60"]
[EventDate "2011.??.??"]

1. c4 e6 2. Nc3 d5 3. d4 Nf6 4. Bg5 Be7 5. e3 O-O 6. Nf3 Nbd7 7. Bd3 a6 8. c5
c6 9. h3 e5 10. dxe5 Ne8 11. Bf4 Nxc5 12. Bc2 g6 13. Bh6 Ng7 14. h4 Bg4 15. Qd4
Bf5 16. Qd2 Bxc2 17. Qxc2 Nce6 18. g4 Qa5 19. Nd4 Rfd8 20. O-O-O Nxd4 21. exd4
Ne6 22. f4 c5 23. dxc5 Qxc5 24. Kb1 Rac8 25. f5 Nd4 26. Qd3 Nb5 27. Nxd5 Rxd5
28. Qxd5 Na3+ 29. Ka1 Nc2+ 30. Kb1 Na3+ 1/2-1/2

[Event "Mistrzostwa Polski Niewidomych"]
[Site "Jastrzebia Gora"]
[Date "2011.??.??"]
[Round "6.6"]
[White "Suder, Ryszard"]
[Black "Pawelec, Bartosz"]
[Result "1-0"]
[WhiteElo "2235"]
[BlackElo "2045"]
[PlyCount "117"]
[EventDate "2011.??.??"]

1. Nf3 d5 2. g3 Bg4 3. Bg2 Nd7 4. O-O Ngf6 5. c4 e6 6. b3 Be7 7. Bb2 O-O 8. d3
c6 9. Nbd2 a5 10. a3 Qb6 11. Qc2 Rfc8 12. Bc3 c5 13. e3 Qc7 14. Rfe1 Ne8 15.
Qb2 Bf6 16. Bxf6 Nexf6 17. Rac1 Qb8 18. a4 Qd6 19. Nb1 e5 20. Nc3 d4 21. Nb5
Qb6 22. exd4 exd4 23. Qd2 Nf8 24. Ne5 Be6 25. Qf4 N6d7 26. Nxd7 Nxd7 27. Nd6
Rc7 28. Rxe6 fxe6 29. Qf7+ Kh8 30. Qxe6 h6 31. Be4 Rf8 32. Nf7+ Rxf7 33. Qxf7
Qf6 34. Qh5 g5 35. Rf1 Ne5 36. f4 Rf7 37. Bg2 gxf4 38. Rxf4 Qg5 39. Qxg5 hxg5
40. Rxf7 Nxf7 41. Bxb7 Kg7 42. Kg2 Ne5 43. Be4 Kf6 44. h3 Ke7 45. g4 Kf6 46.
Kg3 Ke7 47. h4 Kf6 48. Bf5 gxh4+ 49. Kxh4 Nf3+ 50. Kg3 Nd2 51. Kf4 Nxb3 52. g5+
Kf7 53. Ke5 Ke7 54. Kd5 Kf7 55. Bg4 Kg6 56. Bd1 Nc1 57. Bc2 Na2 58. Kxc5 Nb4
59. Bb1 1-0

[Event "Mistrzostwa Polski Niewidomych"]
[Site "Jastrzebia Gora"]
[Date "2011.??.??"]
[Round "7.1"]
[White "Pawelec, Bartosz"]
[Black "Chojnowski, Marcin"]
[Result "1-0"]
[WhiteElo "2045"]
[BlackElo "2147"]
[PlyCount "71"]
[EventDate "2011.??.??"]

1. e4 c5 2. c3 Nf6 3. e5 Nd5 4. d4 cxd4 5. cxd4 Nc6 6. Nc3 e6 7. Nf3 d6 8. Bd2
Nxc3 9. Bxc3 a6 10. Bd3 b5 11. Be4 d5 12. Bd3 Qb6 13. O-O Be7 14. Rc1 Bd7 15.
Bb1 h6 16. Kh1 Rc8 17. Bd2 b4 18. Be3 Na5 19. Rxc8+ Bxc8 20. b3 Bd7 21. Ng1 Bb5
22. Re1 Nc6 23. Qg4 g5 24. Qd1 Kd7 25. f4 gxf4 26. Bf2 h5 27. Nh3 f6 28. exf6
Bxf6 29. Nxf4 Bxd4 30. Bh4 Rf8 31. Nxe6 Rf6 32. Bxf6 Bxf6 33. Qxd5+ Kc8 34. Nc5
Nd4 35. Re8+ Kc7 36. Qf7+ 1-0

[Event "Mistrzostwa Polski Niewidomych"]
[Site "Jastrzebia Gora"]
[Date "2011.??.??"]
[Round "7.2"]
[White "Zoltek, Tadeusz"]
[Black "Suder, Ryszard"]
[Result "1/2-1/2"]
[WhiteElo "2147"]
[BlackElo "2235"]
[PlyCount "62"]
[EventDate "2011.??.??"]

1. Nf3 Nf6 2. c4 g6 3. Nc3 d5 4. cxd5 Nxd5 5. g3 Bg7 6. Bg2 O-O 7. O-O c5 8.
Nxd5 Qxd5 9. d3 Nc6 10. a3 Qd6 11. Rb1 Bd7 12. Bd2 b6 13. Qc1 Rac8 14. Bh6 Nd4
15. Re1 Bc6 16. Bxg7 Kxg7 17. Nxd4 cxd4 18. Qd2 Bxg2 19. Kxg2 Rc5 20. Kg1 Rfc8
21. Rec1 h5 22. Rxc5 Qxc5 23. h4 e5 24. Qb4 Kf6 25. Qxc5 Rxc5 26. Kf1 Kf5 27.
f3 f6 28. Ke1 Rc7 29. Kd2 Ke6 30. Rh1 Kf5 31. Rh2 Ke6 1/2-1/2

[Event "Mistrzostwa Polski Niewidomych"]
[Site "Jastrzebia Gora"]
[Date "2011.??.??"]
[Round "7.3"]
[White "Gunajew, Rafal"]
[Black "Mackowiak, Marek"]
[Result "1/2-1/2"]
[WhiteElo "2272"]
[BlackElo "2215"]
[PlyCount "60"]
[EventDate "2011.??.??"]

1. e4 e5 2. Nf3 Nc6 3. Nc3 Nf6 4. d4 exd4 5. Nd5 d6 6. Nxd4 Be7 7. Be2 Nxd5 8.
exd5 Nxd4 9. Qxd4 Bf6 10. Qe3+ Qe7 11. c3 Qxe3 12. Bxe3 O-O 13. O-O-O Bd7 14.
h3 Rfe8 15. Bf3 Re7 16. Rhe1 Rae8 17. Bd2 Rxe1 18. Rxe1 Rxe1+ 19. Bxe1 Bg5+ 20.
Bd2 Bxd2+ 21. Kxd2 g5 22. Ke3 Kg7 23. Kd4 Kf6 24. b4 Ke7 25. Be2 f5 26. g3 Kf6
27. f4 h6 28. h4 gxf4 29. gxf4 Ba4 30. c4 Kg6 1/2-1/2

[Event "Mistrzostwa Polski Niewidomych"]
[Site "Jastrzebia Gora"]
[Date "2011.??.??"]
[Round "7.4"]
[White "Zarow, Zdzislaw"]
[Black "Falkowski, Dawid"]
[Result "1-0"]
[WhiteElo "1959"]
[BlackElo "2069"]
[PlyCount "71"]
[EventDate "2011.??.??"]

1. e4 d5 2. exd5 Nf6 3. Nf3 Nxd5 4. d4 Bg4 5. c4 Nb6 6. Be2 Nc6 7. c5 Nd7 8.
Nc3 e6 9. O-O Be7 10. Bf4 O-O 11. b4 Bf6 12. Be3 Nxb4 13. Rb1 Nc6 14. Rxb7 Nxc5
15. dxc5 Bxc3 16. Qa4 Ne5 17. Rd1 Qf6 18. Rb3 Bxf3 19. Bxf3 Nxf3+ 20. gxf3 Rfd8
21. Rdb1 h6 22. Qe4 Qe5 23. Qg4 Bd4 24. Bxh6 Bxc5 25. f4 Rd4 26. Qg2 Rad8 27.
fxe5 Rd1+ 28. Qf1 Rxf1+ 29. Kxf1 gxh6 30. Rb8 Rxb8 31. Rxb8+ Kg7 32. Ke2 Kg6
33. f4 f6 34. Rb5 Bg1 35. h3 fxe5 36. Rxe5 1-0

[Event "Mistrzostwa Polski Niewidomych"]
[Site "Jastrzebia Gora"]
[Date "2011.??.??"]
[Round "7.5"]
[White "Wolanski, Michal"]
[Black "Dukaczewski, Piotr"]
[Result "0-1"]
[WhiteElo "1962"]
[BlackElo "2295"]
[PlyCount "84"]
[EventDate "2011.??.??"]

1. c4 g6 2. Nc3 Bg7 3. g3 d6 4. Bg2 f5 5. d4 Nf6 6. e3 O-O 7. Nge2 Nc6 8. O-O
e5 9. Rb1 e4 10. b4 g5 11. f4 g4 12. Qb3 Ne7 13. d5 h5 14. Rd1 h4 15. Kf2 Ng6
16. Ba3 Nh5 17. c5 Rf7 18. Nb5 Bd7 19. Nbd4 Qe8 20. b5 dxc5 21. Bxc5 a6 22. a4
axb5 23. Nxb5 Bxb5 24. axb5 b6 25. d6 cxd6 26. Bxd6 Kh7 27. Rbc1 Rd7 28. Rc6
Rad8 29. Rxb6 Bf8 30. Bxf8 Rxd1 31. Bc5 R1d2 32. Rb7+ R8d7 33. Rxd7+ Qxd7 34.
Bd4 hxg3+ 35. hxg3 Nxg3 36. Bf1 Nxe2 37. Bxe2 Nxf4 38. b6 g3+ 39. Kxg3 Nxe2+
40. Kh4 Nxd4 41. exd4 Rh2+ 42. Kg3 Qd6# 0-1

[Event "Mistrzostwa Polski Niewidomych"]
[Site "Jastrzebia Gora"]
[Date "2011.??.??"]
[Round "7.6"]
[White "Gosek, Zenon"]
[Black "Stachanczyk, Jacek"]
[Result "0-1"]
[WhiteElo "2060"]
[BlackElo "2303"]
[PlyCount "50"]
[EventDate "2011.??.??"]

1. d4 Nf6 2. Nf3 g6 3. c4 Bg7 4. Nc3 O-O 5. e4 d6 6. Bg5 h6 7. Be3 c5 8. d5 e6
9. dxe6 Bxe6 10. Qd2 g5 11. O-O-O Ng4 12. Bxc5 Qa5 13. Bxd6 Rd8 14. Qc2 Bxc3
15. h3 Nxf2 16. Qxf2 Qxa2 17. Qc2 Qa1+ 18. Qb1 Bxb2+ 19. Kc2 Qa4+ 20. Kxb2 Rxd6
21. Rxd6 Qb4+ 22. Kc2 Qxd6 23. Qxb7 Bd7 24. Bd3 Bc6 25. e5 Qxd3+ 0-1

[Event "Mistrzostwa Polski Niewidomych"]
[Site "Jastrzebia Gora"]
[Date "2011.??.??"]
[Round "8.1"]
[White "Chojnowski, Marcin"]
[Black "Stachanczyk, Jacek"]
[Result "0-1"]
[WhiteElo "2147"]
[BlackElo "2303"]
[PlyCount "60"]
[EventDate "2011.??.??"]

1. d4 d5 2. Nf3 Nf6 3. c4 c6 4. e3 Bf5 5. Nc3 e6 6. c5 b6 7. b4 a5 8. Qa4 Be7
9. b5 bxc5 10. bxc6 O-O 11. dxc5 Bxc5 12. Bb5 Qc7 13. Bd2 Qd6 14. Ne2 Be4 15.
O-O Rc8 16. Nfd4 e5 17. Nb3 Bb6 18. Rac1 Ne8 19. Nxa5 Qc7 20. f3 Bg6 21. Qb3
Bxa5 22. Bxa5 Rxa5 23. a4 Qb6 24. Qxd5 Qxe3+ 25. Kh1 Qxe2 26. Qd7 Qxf1+ 27.
Rxf1 Nxd7 28. cxd7 Raa8 29. Re1 Rcb8 30. Rxe5 Nc7 0-1

[Event "Mistrzostwa Polski Niewidomych"]
[Site "Jastrzebia Gora"]
[Date "2011.??.??"]
[Round "8.2"]
[White "Dukaczewski, Piotr"]
[Black "Gosek, Zenon"]
[Result "*"]
[WhiteElo "2295"]
[BlackElo "2060"]
[PlyCount "47"]
[EventDate "2011.??.??"]

1. e4 c5 2. Nf3 d6 3. d4 cxd4 4. Nxd4 Nf6 5. Nc3 a6 6. Bc4 e6 7. Bb3 Nbd7 8. f4
Nc5 9. Qf3 Be7 10. Be3 Qc7 11. O-O O-O 12. g4 Nfd7 13. g5 Nxb3 14. axb3 b6 15.
Qg4 Bd8 16. Rf3 Re8 17. Rh3 Nf8 18. f5 Bb7 19. f6 g6 20. Rh6 b5 21. Rf1 b4 22.
Nd1 d5 23. Qh4 23... Qe5 24. Rxg6+ *

[Event "Mistrzostwa Polski Niewidomych"]
[Site "Jastrzebia Gora"]
[Date "2011.??.??"]
[Round "8.3"]
[White "Falkowski, Dawid"]
[Black "Wolanski, Michal"]
[Result "1-0"]
[WhiteElo "2069"]
[BlackElo "1962"]
[PlyCount "65"]
[EventDate "2011.??.??"]

1. e4 c5 2. d4 cxd4 3. c3 d6 4. cxd4 Nf6 5. Nc3 g6 6. Bc4 Bg7 7. Nf3 O-O 8. O-O
a6 9. e5 Ne8 10. Bf4 Nc6 11. Qe2 e6 12. d5 dxe5 13. Bg5 f6 14. dxc6 fxg5 15.
Rfd1 Qb6 16. Nxg5 Qxc6 17. Nd5 Kh8 18. Ne7 Qb6 19. Nxc8 Rxc8 20. Nxe6 Rf6 21.
Nxg7 Nxg7 22. Bd5 Rcf8 23. Bf3 Rf5 24. Rd7 Ne6 25. Rxb7 Qc5 26. b4 Qd4 27. Rd1
Qh4 28. Rdd7 Ng5 29. g3 Qh6 30. Bg4 Rxf2 31. Qxe5+ R2f6 32. Rd8 Kg8 33. Qxf6
1-0

[Event "Mistrzostwa Polski Niewidomych"]
[Site "Jastrzebia Gora"]
[Date "2011.??.??"]
[Round "8.4"]
[White "Mackowiak, Marek"]
[Black "Zarow, Zdzislaw"]
[Result "1-0"]
[WhiteElo "2215"]
[BlackElo "1959"]
[PlyCount "85"]
[EventDate "2011.??.??"]

1. d4 Nf6 2. Nf3 e6 3. g3 d5 4. Bg2 Nbd7 5. O-O Be7 6. c4 c6 7. Nbd2 O-O 8. Qc2
b6 9. b3 Bb7 10. Bb2 a5 11. Ne5 Rc8 12. e4 Nxe5 13. dxe5 Nd7 14. Rfd1 b5 15.
cxb5 cxb5 16. Qd3 Nc5 17. Qe3 Na6 18. exd5 Bc5 19. Qe2 exd5 20. Qxb5 Nb4 21.
Qe2 Ba6 22. Qg4 Qb6 23. e6 f6 24. e7 Bxe7 25. Bd4 Bc5 26. Nf3 Nd3 27. Rd2 Rce8
28. Bxc5 Qxc5 29. Qd4 Qxd4 30. Nxd4 Ne5 31. Bxd5+ Kh8 32. f4 Rd8 33. Ne6 Nf3+
34. Bxf3 Rxd2 35. Nxf8 Bc8 36. Re1 Kg8 37. Ne6 Rxa2 38. Bd5 Bxe6 39. Bxe6+ Kf8
40. Bd7 Rd2 41. Ba4 Kf7 42. Rc1 f5 43. Rc5 1-0

[Event "Mistrzostwa Polski Niewidomych"]
[Site "Jastrzebia Gora"]
[Date "2011.??.??"]
[Round "8.5"]
[White "Suder, Ryszard"]
[Black "Gunajew, Rafal"]
[Result "1/2-1/2"]
[WhiteElo "2235"]
[BlackElo "2272"]
[PlyCount "62"]
[EventDate "2011.??.??"]

1. Nf3 d5 2. g3 c6 3. Bg2 Bg4 4. O-O Nd7 5. d3 Ngf6 6. Nbd2 e6 7. b3 Be7 8. Bb2
Qc7 9. c4 O-O 10. Rc1 Rad8 11. Rc2 Rfe8 12. Qa1 Bxf3 13. Nxf3 Bf8 14. Bh3 Qa5
15. Bc3 Bb4 16. a3 Bxc3 17. Qxc3 Qxc3 18. Rxc3 dxc4 19. Rxc4 Nb6 20. Rc5 Rd5
21. Rfc1 Red8 22. Bg2 Rxc5 23. Rxc5 Rd5 24. Rxd5 Nfxd5 25. Kf1 a5 26. a4 Nb4
27. Ke1 Nd7 28. Kd2 Kf8 29. Kc3 Ke7 30. d4 h6 31. Nd2 Nd5+ 1/2-1/2

[Event "Mistrzostwa Polski Niewidomych"]
[Site "Jastrzebia Gora"]
[Date "2011.??.??"]
[Round "8.6"]
[White "Pawelec, Bartosz"]
[Black "Zoltek, Tadeusz"]
[Result "0-1"]
[WhiteElo "2045"]
[BlackElo "2147"]
[PlyCount "74"]
[EventDate "2011.??.??"]

1. e4 e6 2. d4 d5 3. Nd2 Nf6 4. e5 Nfd7 5. c3 c5 6. Bd3 Nc6 7. Ne2 cxd4 8. cxd4
f6 9. Nf4 Nxd4 10. Qh5+ Ke7 11. Ng6+ hxg6 12. exf6+ Nxf6 13. Qxh8 Kf7 14. Qh4
e5 15. Nf3 Nxf3+ 16. gxf3 Bf5 17. Bxf5 gxf5 18. O-O f4 19. Qg5 Bd6 20. Bd2 Qd7
21. Kh1 Qh3 22. Qg2 Qh7 23. Rfd1 Rh8 24. Bc3 Qh5 25. Rg1 Rh7 26. Rge1 Rh6 27.
Rg1 Rh7 28. Rge1 d4 29. Rad1 Rh6 30. Rg1 Bf8 31. Bd2 g5 32. Rc1 Bd6 33. Rge1 e4
34. Rc4 exf3 35. Qg1 Ng4 36. Bb4 Nxh2 37. Re7+ Bxe7 0-1

[Event "Mistrzostwa Polski Niewidomych"]
[Site "Jastrzebia Gora"]
[Date "2011.??.??"]
[Round "9.1"]
[White "Zoltek, Tadeusz"]
[Black "Chojnowski, Marcin"]
[Result "1-0"]
[WhiteElo "2147"]
[BlackElo "2147"]
[PlyCount "79"]
[EventDate "2011.??.??"]

1. Nf3 Nf6 2. c4 g6 3. g3 Bg7 4. Bg2 O-O 5. O-O Nc6 6. Nc3 e5 7. d3 d6 8. Rb1
a5 9. a3 Re8 10. Ne1 Bf5 11. e4 Bg4 12. f3 Bc8 13. Nc2 Nh5 14. Be3 f5 15. Bf2
Nf6 16. b4 axb4 17. axb4 h5 18. b5 Ne7 19. Qd2 Kh7 20. Ra1 Rxa1 21. Rxa1 f4 22.
gxf4 exf4 23. Qxf4 g5 24. Qd2 Ng6 25. Be3 Bh6 26. Bxg5 Bxg5 27. Qxg5 Re5 28.
Qd2 Nh4 29. Kh1 Re8 30. Rg1 Qe7 31. Qf4 Ng6 32. Qd2 h4 33. Ne2 Nh5 34. Bf1 Qf6
35. Ncd4 Qf7 36. Qg5 Re5 37. Nf5 Ng3+ 38. Nexg3 hxg3 39. Qh6+ Kg8 40. Rxg3 1-0

[Event "Mistrzostwa Polski Niewidomych"]
[Site "Jastrzebia Gora"]
[Date "2011.??.??"]
[Round "9.2"]
[White "Gunajew, Rafal"]
[Black "Pawelec, Bartosz"]
[Result "1-0"]
[WhiteElo "2272"]
[BlackElo "2045"]
[PlyCount "111"]
[EventDate "2011.??.??"]

1. e4 e6 2. d4 d5 3. Nc3 Nf6 4. e5 Nfd7 5. f4 c5 6. Nf3 Nc6 7. Be3 cxd4 8. Nxd4
Bc5 9. Qd2 O-O 10. O-O-O Bxd4 11. Bxd4 Qa5 12. Kb1 Rb8 13. Qf2 b5 14. Bd3 Nxd4
15. Qxd4 b4 16. Ne2 Nc5 17. Nc1 Bd7 18. Rhe1 Rfc8 19. g4 Ba4 20. b3 Bb5 21. f5
Bxd3 22. cxd3 Rb6 23. f6 Ra6 24. Rd2 Qc7 25. Qe3 gxf6 26. exf6 Kh8 27. Ne2 e5
28. Qh6 Ne6 29. Rb2 Rc6 30. Qd2 Nc5 31. Rf1 e4 32. Qh6 Rg8 33. Nd4 Rg6 34. Qf8+
Rg8 35. Qe7 Qxe7 36. fxe7 Rcc8 37. dxe4 Nxe4 38. Rc2 Nc3+ 39. Kb2 Rxg4 40. Nf5
Re8 41. Nh6 Rg6 42. Rxf7 Rg1 43. Rxc3 bxc3+ 44. Kxc3 Rc1+ 45. Kd4 Rcc8 46. Kxd5
Rb8 47. a4 a5 48. Nf5 Kg8 49. Rg7+ Kh8 50. Rg3 Rb6 51. Re3 Kg8 52. Nd6 Rbb8 53.
Nxe8 Rxe8 54. Ke6 Rb8 55. Rg3+ Kh8 56. Kf7 1-0

[Event "Mistrzostwa Polski Niewidomych"]
[Site "Jastrzebia Gora"]
[Date "2011.??.??"]
[Round "9.3"]
[White "Zarow, Zdzislaw"]
[Black "Suder, Ryszard"]
[Result "0-1"]
[WhiteElo "1959"]
[BlackElo "2235"]
[PlyCount "152"]
[EventDate "2011.??.??"]

1. d4 Nf6 2. c4 g6 3. Nc3 d5 4. Nf3 Bg7 5. cxd5 Nxd5 6. Bd2 O-O 7. e3 c5 8.
Nxd5 Qxd5 9. Bc3 Nc6 10. Qa4 cxd4 11. Bc4 Qe4 12. O-O Bh3 13. Ne1 Bf5 14. Bd3
Qd5 15. Bc4 Qc5 16. exd4 Nxd4 17. Rc1 a6 18. Bb4 Qe5 19. Qd1 b5 20. Bd3 Rac8
21. Bc3 Rfd8 22. Kh1 Qd6 23. Bxf5 Nxf5 24. Qg4 b4 25. Bxb4 Qe6 26. Rxc8 Rxc8
27. Nd3 Qxa2 28. Re1 Qb3 29. Nc5 Qxb2 30. Nxa6 h5 31. Qf3 Rc2 32. Qa8+ Kh7 33.
Bc5 Qc3 34. Qe4 Ra2 35. Bb4 Qb2 36. Nc5 Qxf2 37. Nd3 Qc2 38. Rc1 Ra1 39. Rxa1
Bxa1 40. g3 Bf6 41. Qd5 Qd1+ 42. Be1 Kg7 43. Qe4 Bc3 44. Kg2 Bxe1 45. Nxe1 Qd5
46. Qxd5 Ne3+ 47. Kf3 Nxd5 48. Nd3 f5 49. h4 Kf6 50. Nc5 e5 51. Nd7+ Ke6 52.
Nf8+ Kf7 53. Nd7 e4+ 54. Kf2 g5 55. hxg5 Kg6 56. Ne5+ Kxg5 57. Nf7+ Kf6 58. Nd6
Ke5 59. Ne8 f4 60. Ng7 Nf6 61. gxf4+ Kxf4 62. Ne6+ Ke5 63. Ng5 Kf4 64. Ne6+ Kg4
65. Nc5 h4 66. Kg2 e3 67. Nd3 h3+ 68. Kh2 Kh4 69. Nf4 Ng4+ 70. Kh1 Kg3 71. Ne2+
Kf2 72. Nf4 e2 73. Nxh3+ Kf1 74. Ng1 Nf2+ 75. Kh2 e1=Q 76. Nf3 Qe8 0-1

[Event "Mistrzostwa Polski Niewidomych"]
[Site "Jastrzebia Gora"]
[Date "2011.??.??"]
[Round "9.4"]
[White "Wolanski, Michal"]
[Black "Mackowiak, Marek"]
[Result "0-1"]
[WhiteElo "1962"]
[BlackElo "2215"]
[PlyCount "68"]
[EventDate "2011.??.??"]

1. c4 e5 2. Nc3 Nc6 3. Nf3 Nf6 4. g3 g6 5. Bg2 Bg7 6. O-O O-O 7. Rb1 d6 8. d3
a5 9. a3 Re8 10. Qc2 Bg4 11. e3 Qd7 12. Rd1 Qf5 13. Nh4 Bxd1 14. Qxd1 Qd7 15.
b4 axb4 16. axb4 Rab8 17. Nf3 e4 18. Nd4 Nxd4 19. exd4 exd3 20. Bf4 Qf5 21. c5
g5 22. Be3 Ng4 23. Qd2 Nxe3 24. fxe3 Qe6 25. Kf2 dxc5 26. bxc5 Qf5+ 27. Kg1 c6
28. Ne4 Rxe4 29. Qxd3 Rbe8 30. Rxb7 Bxd4 31. Rb8 Bxe3+ 32. Kh1 Rxb8 33. Bxe4
Qf2 34. Bxh7+ Kg7 0-1